AUTOBIOGRAPHY(ATMACHARITA) (Record no. 193669)

MARC details
000 -LEADER
fixed length control field 00391nam a22001457a 4500
008 - FIXED-LENGTH DATA ELEMENTS--GENERAL INFORMATION
fixed length control field 221107b ||||| |||| 00| 0 eng d
082 ## - DEWEY DECIMAL CLASSIFICATION NUMBER
Classification number 920-SEN
100 ## - MAIN ENTRY--PERSONAL NAME
Personal name PHAKIRMOHAN,SENPATI
245 ## - TITLE STATEMENT
Title AUTOBIOGRAPHY(ATMACHARITA)
Medium ENGLISH
260 ## - PUBLICATION, DISTRIBUTION, ETC. (IMPRINT)
Place of publication, distribution, etc NEW DELH
Name of publisher, distributor, etc A.I.C.B
Date of publication, distribution, etc ROHINI
270 ## - ADDRESS
Address A.I.C.B ,ROHINI NEW DELHI
300 ## - PHYSICAL DESCRIPTION
Extent .
Other physical details .
Dimensions 12X13
490 ## - SERIES STATEMENT
Volume number/sequential designation 1-6
942 ## - ADDED ENTRY ELEMENTS (KOHA)
Source of classification or shelving scheme Dewey Decimal Classification
Item type Braille-Books-English
Call number prefix 920
Call number suffix SEN
Holdings
Withdrawn status Lost status Not for loan Home library Current library Date acquired Source of acquisition Cost, normal purchase price Full call number Barcode Koha item type
      Braille-Library Braille-Library 07/11/2022 Braille library 10.00 920-SEN BR-003831 Braille-Books-English
      Braille-Library Braille-Library 07/11/2022 Braille library 10.00 920-SEN BR-003832 Braille-Books-English
      Braille-Library Braille-Library 07/11/2022 Braille library 10.00 920-SEN BR-003833 Braille-Books-English
      Braille-Library Braille-Library 07/11/2022 Braille library 10.00 920-SEN BR-003834 Braille-Books-English
      Braille-Library Braille-Library 07/11/2022 Braille library 10.00 920-SEN BR-003835 Braille-Books-English
      Braille-Library Braille-Library 07/11/2022 Braille library 10.00 920-SEN BR-003836 Braille-Books-English

© Delhi Public Library
Hit Counter
free hit counter